The complete encyclopedia of trees and shrubs : All you need to know about growing trees and shrubs.

Bibliographic Details
Main Author: Vermeulen, Nico
Format: Book
Published: Lisse, Netherlands. : Rebo International. , 1997
Subjects:

MARC

LEADER 00000cam a2200000 7i4500
001 0000003502
005 20060405.0
020 0 0 |a 9036615836 
090 0 0 |a 582.16   |b VER 
100 1 0 |a Vermeulen, Nico 
245 1 0 |a The complete encyclopedia of trees and shrubs :   |b All you need to know about growing trees and shrubs.   |c by Nico Vermeulen. 
260 0 0 |a Lisse, Netherlands. :   |b Rebo International. ,   |c 1997 
300 |a 288 p. :   |b ill., col. ;   |c 24 cm. 
650 0 0 |a Trees. 
999 |a 0000006853   |b Monograph   |c Open Shelf   |e Default branch